000 00527nam a2200229Ia 4500
003 OSt
005 20220924142143.0
006 a|||||r|||| 00| 0
007 ta
008 220923b |||||||| |||| 00| 0 ben d
024 _a300575
037 _cTextual
040 _aARTS
_cARTS
_bben
041 _2ben
_aben
082 _aV431:1:N5, 157K7
100 _aSen
245 0 _aVietnam
260 _c1967
650 _aHISTORY
942 _hV431:1:N5, 157K7
_cTEXL
_2CC
999 _c449459
_d449459